| 000 | 01225cam a2200361 a 4500 | ||
|---|---|---|---|
| 999 |
_c1171 _d1171 |
||
| 001 | 2360786 | ||
| 003 | OSt | ||
| 005 | 20220805100620.0 | ||
| 008 | 220606s2019 nyu d 000 1 eng d | ||
| 010 | _a2021351402 | ||
| 020 |
_a9781250294586 _q(pbk.) : |
||
| 020 | _a1250294584 | ||
| 040 |
_aUKMGB _beng _cUKMGB _dOCLCO _dBDX _dNYP _dOCLCF _dFVL _dOCLCQ _dCSB _dDLC _dTCPL _dKH8 _eaacr2 |
||
| 042 | _anbic | ||
| 082 | _aFIC BHA | ||
| 100 | 1 |
_aBhathena, Tanaz. _eAuthor |
|
| 245 | 1 | 2 |
_aA girl like that / _cTanaz Bhathena. |
| 250 | _aFirst Square Fish edition. | ||
| 260 |
_aNew York : _bSquare Fish, _c2019. |
||
| 300 |
_a378 [18] p. ; _c21 cm. |
||
| 500 | _a"Originally published in the United States by Farrar Straus Giroux"--Title page verso. | ||
| 500 | _aIncludes Go Fish questions for the author and an excerpt to 'The beauty of the moment' | ||
| 650 | 0 |
_aEast Indians _zSaudi Arabia _vFiction. |
|
| 650 | 0 |
_aDating (Social customs) _vFiction. |
|
| 650 | 0 |
_aRape _vFiction. |
|
| 650 | 0 |
_aBullying _vFiction. |
|
| 650 | 0 |
_aReligion _vFiction. |
|
| 650 | 0 |
_aHigh schools _vFiction. |
|
| 650 | 0 |
_aSchools _vFiction. |
|
| 651 | 0 |
_aJiddah (Saudi Arabia) _vFiction. |
|
| 651 | 0 |
_aSaudi Arabia _vFiction. |
|
| 942 |
_2ddc _cFIC |
||